| 000 | 00693nam a2200145 a 4500 | ||
|---|---|---|---|
| 008 | 070130s2006 ||||||||||||||||| || u | ||
| 050 | _aTHESIS | ||
| 100 | _aMambwe, Godfrey | ||
| 245 | 1 | 2 |
_aA critical evaluation of the contractor pre-qualification process in the Zambian construction industry _cthesis by Godfrey Mambwe and supervised by A. Lungu |
| 260 |
_aKitwe _bCopperbelt University, School of Built Environment, Department Building Science _c2006 |
||
| 350 | _a0.00 | ||
| 650 | _aCONSTRUCTION INDUSTRY--ZAMBIA | ||
| 650 | _aBUILDING | ||
| 995 |
_D0.00 _FCBU-MAIN LIBRARY (Kitwe) _H1 _I0.00 _M1 _UAVAILABLE _WJan 30, 2007 _ZUniversity Collection |
||
| 999 |
_c39209 _d39209 |
||